| 000 | 00529nam a2200193Ia 4500 | ||
|---|---|---|---|
| 001 | 15270 | ||
| 003 | GE_BSU | ||
| 008 | 181216s||||||||xx |||||||||||||| ||und|| | ||
| 040 | _cGE_BSU | ||
| 080 | _a821.353.1-32 | ||
| 100 | _aშენგელაია,დემნა | ||
| 245 | _aფიცი | ||
| 260 | _aთბილისი | ||
| 260 | _bსაქ.საბჭ.მწერლობის კავშირი | ||
| 260 | _c1934 | ||
| 300 | _a58გვ.2ფ.პორტრ. | ||
| 653 | _aფიცი | ||
| 942 | _cBK | ||
| 999 |
_c48382 _d48382 |
||